000 00776cam a2200157 4500500
005 20260405002854.0
041 _afre
042 _adc
100 1 0 _aDecleire, Vincent
_eauthor
245 0 0 _aNew Releases
260 _c2012.
500 _a74
520 _aConcentrated around the denunciation of masculine domination and focused on the need for emancipation, studies of gender have stigmatized a certain number of questions about “woman”. An approach considering the experience of the feminine is however not necessarily synonymous with conservatism, nor antifeminism, nor essentialism.
786 0 _nÉtudes | Volume 417 | 9 | 2012-09-01 | p. 263-285 | 0014-1941
856 4 1 _uhttps://shs.cairn.info/journal-etudes-2012-9-page-263?lang=en&redirect-ssocas=7080
999 _c2061967
_d2061967